000 00219nam a22001097a 4500
999 _c13090
_d13090
020 _a9789351502555
082 _a10194
245 _aLeading Futures
260 _aIndia
_bSage
_c2016
300 _a249 pages
942 _cBK